Sefer Imre lev; (Record no. 34011)
[ view plain ]
| 000 -LEADER | |
|---|---|
| fixed length control field | 00794cam a22002411 4500 |
| 001 - CONTROL NUMBER | |
| control field | he 68003901 |
| 003 - CONTROL NUMBER IDENTIFIER | |
| control field | DLC |
| 005 - DATE AND TIME OF LATEST TRANSACTION | |
| control field | 20260227111507.0 |
| 008 - FIXED-LENGTH DATA ELEMENTS--GENERAL INFORMATION | |
| fixed length control field | 870529r19661934is 000 0 heb |
| 010 ## - LIBRARY OF CONGRESS CONTROL NUMBER | |
| LC control number | he 68003901 |
| 035 ## - SYSTEM CONTROL NUMBER | |
| System control number | (OCoLC)15749565 |
| 040 ## - CATALOGING SOURCE | |
| Original cataloging agency | DLC |
| Transcribing agency | TxU |
| Modifying agency | TxU |
| -- | DLC |
| 042 ## - AUTHENTICATION CODE | |
| Authentication code | premarc |
| 050 00 - LIBRARY OF CONGRESS CALL NUMBER | |
| Classification number | BM658.2 |
| Item number | .G76 1966 |
| 100 1# - MAIN ENTRY--PERSONAL NAME | |
| Personal name | Gros, Meïr, |
| Dates associated with a name | -1945. |
| 245 10 - TITLE STATEMENT | |
| Title | Sefer Imre lev; |
| Statement of responsibility, etc. | asafti ve-kibatsti ve-ḥibartim ... Meʼir Gros. Ḥelek 1. Kevutsat dinim be-dine sheliaḥ tsibur ve-hanhagato. |
| 260 ## - PUBLICATION, DISTRIBUTION, ETC. | |
| Place of publication, distribution, etc. | Mishkolts, |
| Name of publisher, distributor, etc. | bi-defus shel B. Friedman, |
| Date of publication, distribution, etc. | 695 [1934 or 5] |
| 300 ## - PHYSICAL DESCRIPTION | |
| Extent | 46 l. |
| Dimensions | 23 cm. |
| 500 ## - GENERAL NOTE | |
| General note | Photo-offset (Yesodot, Y. Gros, 626 [1966]) with new preface. |
| 500 ## - GENERAL NOTE | |
| General note | No more published. |
| 650 #0 - SUBJECT ADDED ENTRY--TOPICAL TERM | |
| Topical term or geographic name entry element | Cantors (Judaism) |
| 740 0# - ADDED ENTRY--UNCONTROLLED RELATED/ANALYTICAL TITLE | |
| Uncontrolled related/analytical title | Imre lev. |
No items available.